|
|
|
|
| LEADER |
00000nam0a2200000 4500 |
| 001 |
45878 |
| 005 |
20231031024137.0 |
| 010 |
|
|
|a 5691002600
|
| 035 |
|
|
|a (RuTPU)RU\TPU\book\47783
|
| 090 |
|
|
|a 45878
|
| 100 |
|
|
|a 20021217d2001 m y0rusy50 ca
|
| 101 |
0 |
|
|a rus
|
| 102 |
|
|
|a RU
|
| 105 |
|
|
|a a j 001zy
|
| 200 |
1 |
|
|a Введение в конфликтологию
|e учебное пособие
|f Г. И. Козырев
|
| 210 |
|
|
|a Москва
|c Владос
|d 2001
|
| 215 |
|
|
|a 176 с.
|c ил.
|
| 225 |
1 |
|
|a Учебное пособие для вузов
|
| 320 |
|
|
|a Словарь: с. 167-173.
|
| 451 |
|
1 |
|0 (RuTPU)RU\TPU\book\24476
|y 5-691-00260-0
|t Введение в конфликтологию
|o учебное пособие для вузов
|f Г. И. Козырев
|c М.
|n Владос
|d 2000
|p 174 с.
|s Учебное пособие для вузов
|a Козырев, Геннадий Иванович
|
| 610 |
1 |
|
|a психология
|
| 610 |
1 |
|
|a конфликтология
|
| 610 |
1 |
|
|a конфликты
|
| 610 |
1 |
|
|a личность
|
| 610 |
1 |
|
|a группы
|
| 610 |
1 |
|
|a политические конфликты
|
| 610 |
1 |
|
|a межэтнические конфликты
|
| 610 |
1 |
|
|a насилие
|
| 610 |
1 |
|
|a семья
|
| 610 |
1 |
|
|a межнациональные конфликты
|
| 610 |
1 |
|
|a учебные пособия
|
| 686 |
|
|
|a Ю953я73
|v LBC/SL-A
|2 rubbk
|
| 700 |
|
1 |
|a Козырев
|b Г. И.
|g Геннадий Иванович
|
| 801 |
|
1 |
|a RU
|b 63413507
|c 20021217
|g PSBO
|
| 801 |
|
2 |
|a RU
|b 63413507
|c 20151118
|g PSBO
|
| 900 |
|
|
|a Конфликтология
|
| 942 |
|
|
|c BK
|
| 952 |
|
|
|a 540500
|b 031300
|